Landen van de Wereld, Hoofdsteden - Statistieken

Algemene statistieken
  • Deze quiz is 18 keer genomen
  • De gemiddelde score is 59 van 196
Antwoorden op de kaart
Antwoorden kleurgecodeerd door een groen-rode schaal op de quizkaart volgens % correct hieronder.
 
Antwoordstatistieken
Hoofdstad Land % Correct
Amsterdam Nederland
100%
Ankara Turkije
75%
Kiev Oekraïne
75%
Mexico-Stad Mexico
75%
Moskou Roemenië
75%
Ottawa Canada
75%
Washington D.C. Verenigde Staten
75%
Andorra la Vella Andorra
50%
Athene Griekenland
50%
Belgrado Servië
50%
Berlijn Duitsland
50%
Bern Zwitserland
50%
Boedapest Hongarije
50%
Boekarest Roemenië
50%
Bogota Colombia
50%
Bratislava Slowakije
50%
Brussel België
50%
Caïro Egypte
50%
Canberra Australië
50%
Caracas Venezuela
50%
Chişinǎu Moldavië
50%
Dublin Ierland
50%
Helsinki Finland
50%
Jakarta Indonesië
50%
Kaapstad Zuid-Afrika
50%
Kopenhagen Denemarken
50%
Lima Peru
50%
Lissabon Portugal
50%
Ljubljana Slovenië
50%
Londen Verenigd Koninkrijk
50%
Luxemburg Luxemburg
50%
Madrid Spanje
50%
Minsk Belarus
50%
New Delhi India
50%
Oslo Noorwegen
50%
Parijs Frankrijk
50%
Podgorica Montenegro
50%
Praag Tsjechië
50%
Pristina Kosovo
50%
Rabat Marokko
50%
Reykjavik IJsland
50%
Riga Letland
50%
Rome Italië
50%
San Marino San Marino
50%
Santiago Chili
50%
Sarajevo Bosnië en Herzegovina
50%
Skopje Noord-Macedonië
50%
Sofia Bulgarije
50%
Stockholm Zweden
50%
Sucre Bolivia
50%
Tallinn Estland
50%
Tirana Albanië
50%
Tunis Tunesië
50%
Vaduz Liechtenstein
50%
Valletta Malta
50%
Vaticaanstad Vaticaanstad
50%
Vilnius Litouwen
50%
Warschau Polen
50%
Wellington Nieuw-Zeeland
50%
Wenen Oostenrijk
50%
Zagreb Kroatië
50%
Abu Dhabi Verenigde Arabische Emiraten
25%
Abuja Nigeria
25%
Accra Ghana
25%
Addis Abeba Ethiopië
25%
Algiers Algerije
25%
Amman Jordanië
25%
Antananarivo Madagaskar
25%
Apia Samoa
25%
Asmara Eritrea
25%
Asunción Paraguay
25%
Bagdad Irak
25%
Bakoe Azerbeidzjan
25%
Bamako Mali
25%
Bandar Seri Begawan Brunei
25%
Bangkok Thailand
25%
Bangui Centraal-Afrikaanse Republiek
25%
Banjul Gambia
25%
Basseterre Saint Kitts en Nevis
25%
Beijing China
25%
Beiroet Libanon
25%
Belmopan Belize
25%
Bissau Guinee-Bissau
25%
Brasilia Brazilië
25%
Bridgetown Barbados
25%
Buenos Aires Argentinië
25%
Colombo Sri Lanka
25%
Dakar Senegal
25%
Damascus Syrië
25%
Dhaka Bangladesh
25%
Dili Oost-Timor
25%
Djibouti Djibouti
25%
Doha Qatar
25%
Dusjanbe Tadzjikistan
25%
Freetown Sierra Leone
25%
Funafuti Tuvalu
25%
Gaborone Botswana
25%
Georgetown Guyana
25%
Guatemala-Stad Guatemala
25%
Hanoi Vietnam
25%
Havana Cuba
25%
Islamabad Pakistan
25%
Jerevan Armenië
25%
Jeruzalem Israël
25%
Kabul Afghanistan
25%
Kathmandu Nepal
25%
Khartoem Soedan
25%
Kingston Jamaica
25%
Kingstown Saint Vincent en de Grenadines
25%
Kinshasa Democratische Republiek Congo | Republiek Congo
25%
Koeweit-stad Koeweit
25%
Kuala Lumpur Maleisië
25%
Libreville Gabon
25%
Malabo Equatoriaal-Guinea
25%
Managua Nicaragua
25%
Manama Bahrein
25%
Manilla Filipijnen
25%
Masqat Oman
25%
Mogadishu Somalië
25%
Monaco-stad Monaco
25%
Monrovia Liberia
25%
Montevideo Uruguay
25%
Nairobi Kenia
25%
Nassau Bahama's
25%
Naypyidaw Myanmar
25%
Ndjamena Tsjaad
25%
Niamey Niger
25%
Nicosia Cyprus
25%
Nouakchott Mauritanië
25%
Nur-Sultan Kazachstan
25%
Ouagadougou Burkina Faso
25%
Palikir Micronesia
25%
Panama-stad Panama
25%
Paramaribo Suriname
25%
Phnom Penh Cambodja
25%
Port-au-Prince Haïti
25%
Port Moresby Papoea-Nieuw-Guinea
25%
Port of Spain Trinidad en Tobago
25%
Pyongyang Noord-Korea
25%
Quito Ecuador
25%
Riyad Saoedi-Arabië
25%
Roseau Dominica
25%
Saint George's Grenada
25%
Saint John's Antigua en Barbuda
25%
Sanaa Jemen
25%
San José Costa Rica
25%
San Salvador El Salvador
25%
Santo Domingo Dominicaanse Republie
25%
Sao Tomé Sao Tomé en Principe
25%
Seoel Zuid-Korea
25%
Singapore Singapore
25%
Taipei Taiwan
25%
Tarawa Kiribati
25%
Tasjkent Oezbekistan
25%
Tbilisi Georgië
25%
Tegucigalpa Honduras
25%
Teheran Iran
25%
Thimphu Bhutan
25%
Tokio Japan
25%
Tripoli Libië
25%
Ulaanbaatar Mongolië
25%
Vientiane Laos
25%
Windhoek Namibië
25%
Yaoundé Kameroen
25%
Yaren Nauru
25%
Asjchabad Turkmenistan
0%
Bisjkek Kirgizië
0%
Castries Saint Lucia
0%
Conakry Guinee
0%
Djoeba Zuid-Soedan
0%
Dodoma Tanzania
0%
Gitega Burundi
0%
Harare Zimbabwe
0%
Honiara Salomonseilanden
0%
Kampala Oeganda
0%
Kigali Rwanda
0%
Lilongwe Malawi
0%
Lobamba Eswatini
0%
Lomé Togo
0%
Luanda Angola
0%
Lusaka Zambia
0%
Majuro Marshalleilanden
0%
Malé Maldiven
0%
Maputo Mozambique
0%
Maseru Lesotho
0%
Moroni Comoren
0%
Ngerulmud Palau
0%
Nuku'alofa Tonga
0%
Port Louis Mauritius
0%
Porto-Novo Benin
0%
Port Vila Vanuatu
0%
Praia Kaapverdië
0%
Suva Fiji
0%
Victoria Seychellen
0%
Yamoussoukro Ivoorkust
0%
Geen overeenkomende quizzen gevonden
Scoreverdeling
Procent van Mensen met Elke Score
Percentiel versus Aantal Correcte Antwoorden
Uw Scoregeschiedenis
U heeft deze quiz nog niet genomen